[Event "Angers op 5th"]
[Site "Angers"]
[Date "2010.04.24"]
[Round "3"]
[White "Henrio, Patrice"]
[Black "Besnard, Sylviane"]
[Result "1-0"]
[WhiteElo "1687"]
[BlackElo "1340"]
[PlyCount "49"]
[EventDate "2010.04.23"]
[EventType "swiss"]
[EventRounds "6"]
[EventCountry "FRA"]
[SourceTitle "EXT 2011"]
[Source "ChessBase"]
[SourceDate "2010.11.26"]
[SourceVersion "1"]
[SourceVersionDate "2010.11.26"]
[SourceQuality "1"]

1. e4 c6 2. d4 d5 3. Nc3 e6 4. e5 Bb4 5. Bd2 Ne7 6. Bd3 0-0 7. Nf3 c5 8. Bxh7+ Kxh7 9. Ng5+ Kg6 10. h4 Rh8 11. h5+ Kh6 12. Nxf7+ Kh7 13. Nxd8 Rxd8 14. h6 g6 15. Qf3 Nf5 16. g4 Rf8 17. gxf5 exf5 18. Qxd5 cxd4 19. Qxd4 Be7 20. Nd5 Nd7 21. Nxe7 Re8 22. Nxg6 b6 23. Rg1 Bb7 24. Qxd7+ Kg8 25. Qg7# 1-0

[Event "Pays de Loire-chT"]
[Site "Cholet"]
[Date "2009.??.??"]
[Round "4"]
[White "Henrio, Patrice"]
[Black "Le Roch, Daniel"]
[Result "0-1"]
[WhiteElo "1691"]
[BlackElo "1881"]
[PlyCount "66"]
[EventDate "2009.06.??"]
[EventType "team-tourn"]
[EventRounds "6"]
[EventCountry "FRA"]
[SourceTitle "EXT 2010"]
[Source "ChessBase"]
[SourceDate "2010.11.25"]
[SourceVersion "1"]
[SourceVersionDate "2010.11.25"]
[SourceQuality "1"]

1. e4 e5 2. Nf3 Nc6 3. Bc4 Nf6 4. Nc3 Nxe4 5. Bxf7+ Kxf7 6. Nxe4 d5 7. Neg5+ Kg8 8. d3 h6 9. Nh3 Bg4 10. Nhg1 e4 11. dxe4 dxe4 12. Qxd8 Rxd8 13. Nd2 Nd4 14. h3 Nxc2+ 15. Kf1 Bf5 16. g4 e3 17. fxe3 Bd3+ 18. Kg2 Nxa1 19. Ngf3 Nc2 20. Nb3 Be4 21. Kf2 Bxf3 22. Kxf3 Bb4 23. a3 Ne1+ 24. Ke2 Nc2 25. axb4 Nxb4 26. Nd4 Kh7 27. b3 Rhe8 28. Bb2 Nd5 29. Nf5 g6 30. Rg1 gxf5 31. gxf5 Rxe3+ 32. Kf2 Rg8 33. f6 Rxg1 0-1